Kraje położone najbliżej Andory - Statystyki

Ogólne statystyki
  • Ten quiz został rozwiązany 236 razy
  • Średni wynik to 17 z 20
Statystyki odpowiedzi
km kraj % Poprawnych
0 Francja
100%
0 Hiszpania
100%
718 Niemcy
98%
485 Włochy
97%
637 Portugalia
96%
821 Belgia
95%
956 Holandia
93%
515 Szwajcaria
92%
793 Austria
91%
832 Luksemburg
88%
784 Liechtenstein
86%
474 Monako
83%
873 San Marino
83%
880 Watykan
83%
904 Wielka Brytania
82%
996 Słowenia
75%
867 Maroko
74%
637 Algieria
70%
856 Tunezja
66%
988 Chorwacja
65%
Nie znaleziono quizów pasujących do podanych kryteriów
Rozkład punktacji
Procent ludzi z każdym wynikiem
Percentyl według liczby udzielonych odpowiedzi
Twoja historia wyników
Nie rozwiązałeś tego quizu